[Event "PMPJ 2022 - C15"]
[Site "Jastrzebia Gora"]
[Date "2022.11.12"]
[Round "3.27"]
[White "Jankowski, Franciszek"]
[Black "Paluszek, Jan"]
[Result "1-0"]
[BlackElo "1348"]
[WhiteElo "1500"]
[LiveChessVersion "1.4.4"]

1. d4 {[%clk 1:30:05]} Nf6 {[%clk 1:30:59]} 2. c4 {[%clk 1:30:26]} g6
{[%clk 1:31:27]} 3. Nc3 {[%clk 1:30:44]} Bg7 {[%clk 1:31:56]} 4. e4
{[%clk 1:31:04]} d6 {[%clk 1:32:24]} 5. f3 {[%clk 1:31:11]} O-O {[%clk 1:32:47]}
6. Be3 {[%clk 1:31:35]} Nc6 {[%clk 1:33:07]} 7. Nge2 {[%clk 1:25:39]} Rb8
{[%clk 1:33:03]} 8. Qd2 {[%clk 1:25:05]} a6 {[%clk 1:33:09]} 9. Nc1
{[%clk 1:23:39]} e5 {[%clk 1:32:07]} 10. d5 {[%clk 1:23:37]} Nd4 {[%clk 1:31:37]}
11. Be2 {[%clk 1:16:47]} Nxe2 {[%clk 1:29:28]} 12. Qxe2 {[%clk 1:16:28]} c5
{[%clk 1:24:02]} 13. O-O {[%clk 1:14:18]} b5 {[%clk 1:20:56]} 14. b3
{[%clk 1:08:46]} Nh5 {[%clk 1:18:10]} 15. Nd3 {[%clk 1:06:21]} b4
{[%clk 1:16:40]} 16. Nd1 {[%clk 1:04:04]} Nf4 {[%clk 1:15:14]} 17. Qd2
{[%clk 1:04:04]} Nxd3 {[%clk 1:10:14]} 18. Qxd3 {[%clk 1:04:27]} f5
{[%clk 1:10:38]} 19. Nf2 {[%clk 0:51:19]} f4 {[%clk 1:11:00]} 20. Bd2
{[%clk 0:51:06]} g5 {[%clk 1:05:17]} 21. h3 {[%clk 0:38:32]} h5 {[%clk 1:02:42]}
22. Rfc1 {[%clk 0:35:16]} Rf6 {[%clk 1:01:13]} 23. Kf1 {[%clk 0:33:02]} Rg6
{[%clk 0:59:04]} 24. Ke2 {[%clk 0:25:03]} g4 {[%clk 0:56:49]} 25. Rg1
{[%clk 0:22:13]} gxh3 {[%clk 0:47:42]} 26. gxh3 {[%clk 0:21:21]} Rg3
{[%clk 0:46:21]} 27. Nh1 {[%clk 0:20:05]} Rxh3 {[%clk 0:45:36]} 28. Nf2
{[%clk 0:17:23]} Rh2 {[%clk 0:44:10]} 29. Rh1 {[%clk 0:12:00]} Qh4
{[%clk 0:41:18]} 30. Rxh2 {[%clk 0:11:43]} Qxh2 {[%clk 0:40:36]} 31. Rh1
{[%clk 0:11:59]} Qg3 {[%clk 0:37:40]} 32. Rxh5 {[%clk 0:11:13]} Bd7
{[%clk 0:36:28]} 33. Qb1 {[%clk 0:08:39]} Be8 {[%clk 0:36:23]} 34. Rh3
{[%clk 0:08:44]} Qg6 {[%clk 0:35:11]} 35. Qh1 {[%clk 0:08:56]} Bd7
{[%clk 0:35:06]} 36. Rh2 {[%clk 0:09:02]} a5 {[%clk 0:34:21]} 37. Rg2
{[%clk 0:09:01]} Qf7 {[%clk 0:33:39]} 38. Nh3 {[%clk 0:07:36]} Bxh3
{[%clk 0:33:46]} 39. Qxh3 {[%clk 0:08:01]} Rd8 {[%clk 0:29:54]} 40. Be1
{[%clk 0:07:39]} Qd7 {[%clk 0:29:58]} 41. Qh5 {[%clk 0:07:30]} Rf8
{[%clk 0:29:14]} 42. Bh4 {[%clk 0:07:12]} a4 {[%clk 0:23:54]} 43. Qg6
{[%clk 0:05:25]} axb3 {[%clk 0:22:02]} 44. axb3 {[%clk 0:05:49]} Rf7
{[%clk 0:21:10]} 45. Bg5 {[%clk 0:01:38]} Kf8 {[%clk 0:10:26]} 46. Bh6
{[%clk 0:01:42]} Qe7 {[%clk 0:08:28]} 47. Qh7 {[%clk 0:01:28]} Qa7
{[%clk 0:07:00]} 48. Qh8+ {[%clk 0:00:44]} Ke7 {[%clk 0:07:21]} 49. Bg5+
{[%clk 0:01:03]} 1-0

[Event "PMPJ 2022 - C15"]
[Site "Jastrzebia Gora"]
[Date "2022.11.12"]
[Round "3.28"]
[White "Szewczak, Filip"]
[Black "Spytek, Hubert"]
[Result "0-1"]
[BlackElo "1416"]
[WhiteElo "1118"]
[LiveChessVersion "1.4.4"]

1. d4 Nf6 2. c4 g6 3. f3 d5 4. cxd5 Nxd5 5. e4 Nb6 6. Nc3 Bg7 7. Be3 O-O 8. Qd2
f5 9. O-O-O Nc6 10. h4 e5 11. d5 Ne7 12. exf5 Nxf5 13. Bc5 Bh6 14. f4 Bxf4 15.
Qxf4 exf4 16. Ne4 Nd6 17. Ng5 h6 18. Ne6 Bxe6 19. dxe6 Re8 20. Nf3 Rxe6 21. Bd3
Nd7 22. Bb4 Ne5 23. Nxe5 Rxe5 24. Bxg6 Qf6 25. Bc2 Rae8 26. Bc3 Qe7 27. Bb3+ Kf8
28. Rhf1 Qxh4 29. Kb1 Re2 30. g3 Qxg3 31. Rg1 Rg2 32. Rgf1 Qg5 33. Bb4 Qf6 34.
Bc3 Qf5+ 35. Ka1 Re3 36. Rd5 Qd7 37. Rxf4+ Ke8 38. a3 Rxc3 39. bxc3 Qg7 40. Rfd4
Rg1+ 41. Kb2 Rg2+ 42. Bc2 Qg6 43. Rd3 Qg7 44. Re3+ Kd8 45. Red3 Ke7 46. Re3+ Kf8
47. Rf3+ Kg8 48. Rd4 Rxc2+ 0-1

[Event "PMPJ 2022 - C15"]
[Site "Jastrzebia Gora"]
[Date "2022.11.12"]
[Round "3.29"]
[White "Klys, Kacper"]
[Black "Bialy, Borys"]
[Result "1-0"]
[BlackElo "1526"]
[WhiteElo "1406"]
[LiveChessVersion "1.4.4"]

1. d4 d5 2. c4 c6 3. Nc3 e6 4. e3 Nf6 5. Nf3 Nbd7 6. Bd2 Bd6 7. Rc1 b6 8. cxd5
cxd5 9. Nb5 Bb8 10. Bb4 Ne4 11. Qc2 Bb7 12. Bd3 Ndf6 13. O-O Nd6 14. Nc7+ Bxc7
15. Qxc7 Qxc7 16. Rxc7 O-O 17. Bxd6 1-0

[Event "PMPJ 2022 - C15"]
[Site "Jastrzebia Gora"]
[Date "2022.11.12"]
[Round "3.30"]
[White "Bartnik, Michal"]
[Black "Zmuda, Tomasz"]
[Result "1/2-1/2"]
[BlackElo "1373"]
[WhiteElo "1480"]
[LiveChessVersion "1.4.4"]

1. e4 c5 2. Nf3 Nc6 3. d4 cxd4 4. Nxd4 Qb6 5. Nb3 Nf6 6. Nc3 e6 7. Be3 Qc7 8. a3
Be7 9. g3 a6 10. Bg2 O-O 11. O-O b5 12. f4 d6 13. Kh1 Bb7 14. Qe2 Rad8 15. Rad1
Rfe8 16. h3 Qc8 17. Bb6 Rd7 18. g4 g6 19. Qf2 Bd8 20. Be3 b4 21. axb4 Nxb4 22.
Rd2 d5 23. e5 Ne4 24. Nxe4 dxe4 25. Rxd7 Qxd7 26. Nc5 Qc8 27. Qd2 Ba5 28. Nxe4
Nxc2 29. Qf2 Bxe4 30. Bxe4 Nxe3 31. Qxe3 1/2-1/2

[Event "PMPJ 2022 - C15"]
[Site "Jastrzebia Gora"]
[Date "2022.11.12"]
[Round "3.31"]
[White "Grabowski, Wojciech"]
[Black "Obidzinski, Cezary"]
[Result "1-0"]
[BlackElo "1261"]
[WhiteElo "1448"]
[LiveChessVersion "1.4.4"]

1. d4 Nf6 2. Bf4 e6 3. e3 c5 4. Nf3 Nc6 5. c3 d5 6. Bd3 cxd4 7. exd4 Bd6 8. Bxd6
Qxd6 9. Nbd2 b6 10. O-O O-O 11. Re1 a5 12. Ne5 Ba6 13. Bc2 Nd7 14. f4 Nf6 15. Re3
Ne7 16. Rh3 b5 17. Bxh7+ Nxh7 18. Qh5 Rfe8 19. Qxf7+ Kh8 20. Ng6+ Nxg6 21. Qxg6
Kg8 22. Rxh7 Ra7 23. Qh5 g6 24. Qxg6+ Kf8 25. Qf6+ Rf7 26. Qxf7# 1-0

[Event "PMPJ 2022 - C15"]
[Site "Jastrzebia Gora"]
[Date "2022.11.12"]
[Round "3.32"]
[White "Dechnik, Marcel"]
[Black "Bajer, Tomasz"]
[Result "0-1"]
[BlackElo "1409"]
[WhiteElo "1238"]
[LiveChessVersion "1.4.4"]

1. e4 c5 2. Nc3 Nc6 3. f4 g6 4. Nf3 Bg7 5. Bb5 Nd4 6. O-O Nxb5 7. Nxb5 d5 8. e5
d4 9. c3 a6 10. Na3 Nh6 11. cxd4 cxd4 12. Qa4+ Bd7 13. Qxd4 O-O 14. Qf2 Bc6 15.
Rd1 Ng4 16. Qe2 Bxf3 17. Qxf3 Qd4+ 18. Kh1 Nf2+ 0-1

[Event "PMPJ 2022 - C15"]
[Site "Jastrzebia Gora"]
[Date "2022.11.12"]
[Round "4.1"]
[White "Wydmanski, Szymon"]
[Black "Gbiorczyk, Mikolaj"]
[Result "1-0"]
[BlackElo "1824"]
[WhiteElo "1809"]
[LiveChessVersion "1.4.4"]

1. c4 {[%clk 1:30:03]} Nf6 {[%clk 1:30:49]} 2. g3 {[%clk 1:30:00]} g6
{[%clk 1:30:57]} 3. Bg2 {[%clk 1:30:19]} Bg7 {[%clk 1:31:15]} 4. Nc3
{[%clk 1:30:44]} O-O {[%clk 1:31:20]} 5. d3 {[%clk 1:30:17]} d6 {[%clk 1:30:37]}
6. e4 {[%clk 1:28:02]} e5 {[%clk 1:29:15]} 7. Nge2 {[%clk 1:24:40]} Nc6
{[%clk 1:28:01]} 8. h3 {[%clk 1:23:56]} Nd7 {[%clk 1:25:40]} 9. O-O
{[%clk 1:13:14]} Nc5 {[%clk 1:15:32]} 10. Nd5 {[%clk 1:12:46]} a5
{[%clk 1:14:07]} 11. Be3 {[%clk 1:11:03]} Nd4 {[%clk 1:04:59]} 12. f4
{[%clk 0:43:29]} c6 {[%clk 0:49:35]} 13. Ndc3 {[%clk 0:43:30]} f5
{[%clk 0:49:15]} 14. Rb1 {[%clk 0:35:07]} a4 {[%clk 0:41:14]} 15. b4
{[%clk 0:30:32]} axb3 {[%clk 0:41:24]} 16. axb3 {[%clk 0:30:58]} Bd7
{[%clk 0:37:23]} 17. b4 {[%clk 0:29:16]} Nce6 {[%clk 0:37:20]} 18. c5
{[%clk 0:19:22]} dxc5 {[%clk 0:27:47]} 19. bxc5 {[%clk 0:17:45]} Qc7
{[%clk 0:27:13]} 20. Rb4 {[%clk 0:12:25]} Qa5 {[%clk 0:19:53]} 21. Rc4
{[%clk 0:08:29]} Nxc5 {[%clk 0:15:12]} 22. fxe5 {[%clk 0:07:59]} Nxe2+
{[%clk 0:15:14]} 23. Nxe2 {[%clk 0:06:29]} Na4 {[%clk 0:14:04]} 24. Rd4
{[%clk 0:05:29]} Be6 {[%clk 0:13:40]} 25. Nf4 {[%clk 0:05:08]} Rfe8
{[%clk 0:12:28]} 26. Nxe6 {[%clk 0:05:03]} Rxe6 {[%clk 0:12:54]} 27. exf5
{[%clk 0:04:04]} Qxe5 {[%clk 0:08:23]} 28. Re4 {[%clk 0:03:37]} 1-0

[Event "PMPJ 2022 - C15"]
[Site "Jastrzebia Gora"]
[Date "2022.11.12"]
[Round "4.2"]
[White "Stepinski, Piotr"]
[Black "Krol, Jan"]
[Result "1-0"]
[BlackElo "1804"]
[WhiteElo "1663"]
[LiveChessVersion "1.4.4"]

1. e4 {[%clk 1:30:56]} c5 {[%clk 1:30:53]} 2. Nf3 {[%clk 1:31:23]} d6
{[%clk 1:31:20]} 3. Bb5+ {[%clk 1:31:47]} Bd7 {[%clk 1:31:17]} 4. Bxd7+
{[%clk 1:32:15]} Qxd7 {[%clk 1:31:38]} 5. c4 {[%clk 1:32:40]} Nf6
{[%clk 1:32:01]} 6. Nc3 {[%clk 1:33:05]} Nc6 {[%clk 1:31:03]} 7. d4
{[%clk 1:33:07]} cxd4 {[%clk 1:30:07]} 8. Nxd4 {[%clk 1:33:11]} g6
{[%clk 1:29:20]} 9. h3 {[%clk 1:33:38]} Bg7 {[%clk 1:29:34]} 10. Be3
{[%clk 1:34:04]} Rc8 {[%clk 1:26:35]} 11. b3 {[%clk 1:31:15]} O-O
{[%clk 1:23:06]} 12. O-O {[%clk 1:31:27]} Rfd8 {[%clk 1:19:07]} 13. Rc1
{[%clk 1:30:19]} e6 {[%clk 1:07:33]} 14. Nxc6 {[%clk 1:15:33]} Rxc6
{[%clk 1:00:09]} 15. Bd4 {[%clk 1:14:53]} a6 {[%clk 0:55:07]} 16. Qf3
{[%clk 1:07:50]} Ne8 {[%clk 0:50:47]} 17. Bxg7 {[%clk 1:07:41]} Kxg7
{[%clk 0:50:47]} 18. Rfd1 {[%clk 1:07:55]} b5 {[%clk 0:44:23]} 19. cxb5
{[%clk 1:07:34]} axb5 {[%clk 0:44:06]} 20. Qd3 {[%clk 1:06:27]} Nc7
{[%clk 0:43:50]} 21. Ne2 {[%clk 1:06:34]} d5 {[%clk 0:38:49]} 22. Rxc6
{[%clk 1:06:23]} Qxc6 {[%clk 0:38:40]} 23. Rc1 {[%clk 1:06:53]} Qd6
{[%clk 0:22:13]} 24. Qc3+ {[%clk 1:07:08]} d4 {[%clk 0:22:06]} 25. Qxc7
{[%clk 1:07:28]} Qxc7 {[%clk 0:22:01]} 26. Rxc7 {[%clk 1:07:55]} e5
{[%clk 0:22:27]} 27. Kf1 {[%clk 1:06:24]} b4 {[%clk 0:22:47]} 28. Ke1
{[%clk 1:05:38]} Ra8 {[%clk 0:22:49]} 29. Nc1 {[%clk 1:05:55]} Kf6
{[%clk 0:22:39]} 30. Kd2 {[%clk 1:05:50]} Ke6 {[%clk 0:23:05]} 31. Rb7
{[%clk 1:04:32]} f5 {[%clk 0:23:22]} 32. Rb6+ {[%clk 1:04:04]} Ke7
{[%clk 0:23:49]} 33. f3 {[%clk 1:04:06]} Rf8 {[%clk 0:23:04]} 34. Nd3
{[%clk 1:04:26]} fxe4 {[%clk 0:23:05]} 35. fxe4 {[%clk 1:04:54]} Rf1
{[%clk 0:23:19]} 36. Nxe5 {[%clk 1:04:29]} Rf2+ {[%clk 0:23:45]} 37. Kd3
{[%clk 1:04:55]} Rxa2 {[%clk 0:24:09]} 38. Kxd4 {[%clk 1:04:51]} Rxg2
{[%clk 0:24:27]} 39. Rxb4 {[%clk 1:05:10]} Rd2+ {[%clk 0:24:40]} 40. Nd3
{[%clk 1:05:03]} Kf6 {[%clk 0:25:06]} 41. Rb5 {[%clk 1:02:58]} g5
{[%clk 0:24:54]} 42. Rf5+ {[%clk 1:03:09]} Kg6 {[%clk 0:25:18]} 43. Rf3
{[%clk 1:03:34]} h5 {[%clk 0:25:34]} 44. e5 {[%clk 1:03:24]} g4 {[%clk 0:25:32]}
45. hxg4 {[%clk 1:03:49]} hxg4 {[%clk 0:26:01]} 46. Rf2 {[%clk 1:04:02]} Rd1
{[%clk 0:25:31]} 47. e6 {[%clk 1:04:08]} g3 {[%clk 0:25:56]} 48. e7
{[%clk 1:01:46]} gxf2 {[%clk 0:23:27]} 49. e8=Q+ {[%clk 1:02:13]} Kg7
{[%clk 0:23:26]} 50. Qe5+ {[%clk 1:02:38]} Kg6 {[%clk 0:23:35]} 51. Qg3+
{[%clk 1:03:00]} 1-0

[Event "PMPJ 2022 - C15"]
[Site "Jastrzebia Gora"]
[Date "2022.11.12"]
[Round "4.3"]
[White "Szymkiewicz, Witold"]
[Black "Jaworski, Tymon"]
[Result "1/2-1/2"]
[BlackElo "1791"]
[WhiteElo "1658"]
[LiveChessVersion "1.4.4"]

1. d4 {[%clk 1:30:57]} Nf6 2. c4 {[%clk 1:31:24]} d6 {[%clk 1:30:42]} 3. Nc3
{[%clk 1:31:48]} Nbd7 {[%clk 1:30:39]} 4. e4 {[%clk 1:31:47]} e5 {[%clk 1:30:15]}
5. Nf3 {[%clk 1:31:17]} g6 {[%clk 1:29:11]} 6. Be2 {[%clk 1:30:55]} Bg7
{[%clk 1:29:30]} 7. d5 {[%clk 1:30:37]} Nc5 {[%clk 1:28:26]} 8. Nd2
{[%clk 1:28:47]} a5 {[%clk 1:28:24]} 9. O-O {[%clk 1:28:06]} O-O {[%clk 1:28:08]}
10. Re1 {[%clk 1:26:58]} Nfd7 {[%clk 1:25:40]} 11. Rb1 {[%clk 1:15:59]} f5
{[%clk 1:24:21]} 12. exf5 {[%clk 1:15:53]} gxf5 {[%clk 1:24:41]} 13. Bf1
{[%clk 1:07:01]} Kh8 {[%clk 1:17:31]} 14. Nb5 {[%clk 0:56:44]} Nf6
{[%clk 1:07:44]} 15. Nb3 {[%clk 0:46:43]} b6 {[%clk 1:04:34]} 16. Nxc5
{[%clk 0:42:35]} bxc5 {[%clk 1:04:07]} 17. Bg5 {[%clk 0:41:12]} Bd7
{[%clk 0:59:50]} 18. a4 {[%clk 0:39:42]} Qc8 {[%clk 0:54:30]} 19. f3
{[%clk 0:37:08]} Be8 {[%clk 0:49:02]} 20. Bd3 {[%clk 0:33:55]} Bg6
{[%clk 0:46:54]} 21. Re2 {[%clk 0:26:49]} Nd7 {[%clk 0:45:20]} 22. Qd2
{[%clk 0:25:19]} Rf7 {[%clk 0:44:10]} 23. Rbe1 {[%clk 0:17:53]} Nb8
{[%clk 0:39:59]} 24. Bb1 {[%clk 0:14:08]} Na6 {[%clk 0:39:40]} 25. Kh1
{[%clk 0:10:09]} Nb4 {[%clk 0:38:57]} 26. b3 {[%clk 0:10:26]} Qd7
{[%clk 0:38:21]} 27. h3 {[%clk 0:09:36]} Raf8 {[%clk 0:34:19]} 28. Rf2
{[%clk 0:09:15]} f4 {[%clk 0:33:26]} 29. Bh4 {[%clk 0:06:31]} Bxb1
{[%clk 0:31:54]} 30. Rxb1 {[%clk 0:06:55]} Qf5 {[%clk 0:32:14]} 31. Rff1
{[%clk 0:06:44]} Rg8 {[%clk 0:30:12]} 32. Nc3 {[%clk 0:03:38]} Bf6
{[%clk 0:27:59]} 33. Bxf6+ {[%clk 0:03:18]} Rxf6 {[%clk 0:28:04]} 34. Ne4
{[%clk 0:03:12]} Rfg6 {[%clk 0:26:50]} 35. Rf2 {[%clk 0:02:57]} Qc8
{[%clk 0:26:11]} 36. Re2 {[%clk 0:01:46]} Qf5 {[%clk 0:25:35]} 37. Rbe1
{[%clk 0:01:09]} Rh6 {[%clk 0:24:33]} 38. g4 Rxh3+ 39. Kg2 Rh6 1/2-1/2

[Event "PMPJ 2022 - C15"]
[Site "Jastrzebia Gora"]
[Date "2022.11.12"]
[Round "4.4"]
[White "Rodziewicz-bielewicz, Kuba"]
[Black "Wierzbicki, Dawid"]
[Result "1-0"]
[BlackElo "1732"]
[WhiteElo "1274"]
[LiveChessVersion "1.4.4"]

1. e4 {[%clk 1:30:58]} c5 {[%clk 1:30:40]} 2. Nf3 {[%clk 1:31:21]} e6
{[%clk 1:30:20]} 3. g3 {[%clk 1:23:43]} b6 {[%clk 1:28:57]} 4. Bg2
{[%clk 1:23:23]} Bb7 {[%clk 1:29:21]} 5. Nc3 {[%clk 1:22:51]} d6 {[%clk 1:29:36]}
6. O-O {[%clk 1:21:30]} Nf6 {[%clk 1:29:25]} 7. Re1 {[%clk 1:19:27]} Nbd7
{[%clk 1:29:51]} 8. d4 {[%clk 1:19:27]} cxd4 {[%clk 1:29:54]} 9. Nxd4
{[%clk 1:18:26]} a6 {[%clk 1:28:11]} 10. e5 {[%clk 1:06:49]} Bxg2
{[%clk 1:27:21]} 11. exf6 {[%clk 1:06:57]} Bh3 {[%clk 1:06:07]} 12. Qh5
{[%clk 0:44:26]} Qxf6 {[%clk 1:05:55]} 13. Nd5 {[%clk 0:41:49]} Qxd4
{[%clk 1:04:48]} 14. Nc7+ {[%clk 0:41:02]} Kd8 {[%clk 1:00:54]} 15. Nxa8
{[%clk 0:39:25]} Bg4 {[%clk 0:57:15]} 16. Qxf7 {[%clk 0:36:38]} Qc5
{[%clk 0:46:59]} 17. Be3 {[%clk 0:35:00]} Qc6 {[%clk 0:46:23]} 18. Bg5+
{[%clk 0:34:29]} Kc8 {[%clk 0:46:44]} 19. Re3 {[%clk 0:28:02]} Ne5
{[%clk 0:39:26]} 20. Qa7 {[%clk 0:25:02]} h6 {[%clk 0:32:26]} 21. Nxb6+
{[%clk 0:25:13]} 1-0

[Event "PMPJ 2022 - C15"]
[Site "Jastrzebia Gora"]
[Date "2022.11.12"]
[Round "4.5"]
[White "Duda, Szymon"]
[Black "Zieba, Hubert"]
[Result "1/2-1/2"]
[BlackElo "1453"]
[WhiteElo "1697"]
[LiveChessVersion "1.4.4"]

1. e4 {[%clk 1:30:49]} c5 {[%clk 1:30:57]} 2. Nf3 {[%clk 1:31:14]} Nc6
{[%clk 1:31:23]} 3. Bb5 {[%clk 1:31:14]} Qc7 {[%clk 1:31:27]} 4. O-O
{[%clk 1:30:49]} e6 {[%clk 1:31:50]} 5. Re1 {[%clk 1:29:58]} Nf6 {[%clk 1:31:56]}
6. c3 {[%clk 1:28:41]} a6 {[%clk 1:31:25]} 7. Bf1 {[%clk 1:18:35]} d5
{[%clk 1:28:13]} 8. exd5 {[%clk 1:11:02]} Nxd5 {[%clk 1:28:36]} 9. d4
{[%clk 1:11:16]} cxd4 {[%clk 1:28:52]} 10. Nxd4 {[%clk 1:10:35]} Be7
{[%clk 1:27:18]} 11. Nxc6 {[%clk 1:07:45]} Qxc6 {[%clk 1:27:37]} 12. g3
{[%clk 1:07:24]} O-O {[%clk 1:25:29]} 13. Bg2 {[%clk 1:07:36]} Rd8
{[%clk 1:25:30]} 14. Nd2 {[%clk 1:01:55]} Qc7 {[%clk 1:22:31]} 15. Qe2
{[%clk 0:58:56]} h6 {[%clk 1:11:24]} 16. Nf3 {[%clk 0:46:33]} b6 {[%clk 1:02:24]}
17. Ne5 {[%clk 0:43:04]} Bb7 {[%clk 1:00:43]} 18. c4 {[%clk 0:26:59]} Nf6
{[%clk 1:00:05]} 19. Bf4 {[%clk 0:15:50]} Bxg2 {[%clk 0:52:34]} 20. Kxg2
{[%clk 0:13:32]} Bd6 {[%clk 0:49:14]} 21. Qf3 {[%clk 0:08:39]} Bxe5
{[%clk 0:42:58]} 22. Bxe5 {[%clk 0:08:13]} Qxc4 {[%clk 0:42:34]} 23. Bxf6
{[%clk 0:08:17]} gxf6 {[%clk 0:42:59]} 24. Qxf6 {[%clk 0:07:54]} Qd5+
{[%clk 0:41:50]} 25. Kg1 {[%clk 0:06:04]} Qg5 {[%clk 0:42:06]} 26. Qf3
{[%clk 0:03:13]} Rac8 {[%clk 0:41:17]} 27. h4 {[%clk 0:02:54]} Qf5
{[%clk 0:39:43]} 28. Qxf5 {[%clk 0:02:34]} exf5 {[%clk 0:40:08]} 29. Re2
{[%clk 0:02:30]} Kg7 {[%clk 0:40:29]} 30. Kg2 {[%clk 0:02:35]} Kf6
{[%clk 0:40:48]} 31. Rae1 {[%clk 0:02:43]} Rd5 {[%clk 0:40:38]} 32. Kf3
{[%clk 0:02:11]} Rc6 {[%clk 0:40:14]} 33. Ke4 Ke5+ 1/2-1/2

[Event "PMPJ 2022 - C15"]
[Site "Jastrzebia Gora"]
[Date "2022.11.12"]
[Round "4.6"]
[White "Sliz, Karol"]
[Black "Marek, Grzegorz"]
[Result "1-0"]
[BlackElo "1614"]
[WhiteElo "1678"]
[LiveChessVersion "1.4.4"]

1. e4 {[%clk 1:30:59]} c5 {[%clk 1:30:49]} 2. Nf3 {[%clk 1:31:26]} Nc6
{[%clk 1:31:08]} 3. d4 {[%clk 1:31:55]} cxd4 {[%clk 1:31:28]} 4. Nxd4
{[%clk 1:32:16]} Nf6 {[%clk 1:31:51]} 5. Nc3 {[%clk 1:32:44]} e5 {[%clk 1:32:12]}
6. Ndb5 {[%clk 1:33:08]} d6 {[%clk 1:32:32]} 7. Bg5 {[%clk 1:32:24]} a6
{[%clk 1:32:36]} 8. Na3 {[%clk 1:32:42]} b5 {[%clk 1:32:56]} 9. Nd5
{[%clk 1:32:58]} Be7 {[%clk 1:33:16]} 10. Bxf6 {[%clk 1:33:24]} Bxf6
{[%clk 1:33:35]} 11. c3 {[%clk 1:33:35]} O-O {[%clk 1:33:49]} 12. Nc2
{[%clk 1:33:58]} Rb8 {[%clk 1:34:09]} 13. Bd3 {[%clk 1:28:05]} g6
{[%clk 1:11:43]} 14. Ncb4 {[%clk 1:24:41]} Nxb4 {[%clk 1:03:08]} 15. Nxb4
{[%clk 1:25:10]} Bb7 {[%clk 1:03:18]} 16. Bc2 {[%clk 1:14:50]} a5
{[%clk 0:52:58]} 17. Nd5 {[%clk 1:14:23]} Bxd5 {[%clk 0:52:27]} 18. Qxd5
{[%clk 1:14:36]} Qb6 {[%clk 0:47:36]} 19. O-O {[%clk 1:12:48]} Rfd8
{[%clk 0:36:17]} 20. Bb3 {[%clk 1:11:21]} Rd7 {[%clk 0:35:59]} 21. a3
{[%clk 1:09:13]} Bg7 {[%clk 0:33:45]} 22. Rfd1 {[%clk 1:03:46]} Bf8
{[%clk 0:33:14]} 23. Rd3 {[%clk 1:02:03]} Rbb7 {[%clk 0:28:39]} 24. Rf3
{[%clk 0:58:06]} Rdc7 {[%clk 0:16:43]} 25. Rd1 {[%clk 0:50:08]} Rd7
{[%clk 0:15:36]} 26. Rdd3 {[%clk 0:48:46]} Rdc7 {[%clk 0:13:51]} 27. g3
{[%clk 0:42:37]} Ra7 {[%clk 0:09:47]} 28. Rd1 {[%clk 0:33:33]} Rab7
{[%clk 0:09:30]} 29. Rdd3 {[%clk 0:30:10]} Ra7 {[%clk 0:09:51]} 30. Rd1
{[%clk 0:30:25]} Rab7 {[%clk 0:10:16]} 31. Kg2 {[%clk 0:28:41]} Rd7
{[%clk 0:08:40]} 32. h4 {[%clk 0:27:36]} Rdc7 {[%clk 0:07:28]} 33. h5
{[%clk 0:25:47]} Qc5 {[%clk 0:06:10]} 34. hxg6 {[%clk 0:24:34]} hxg6
{[%clk 0:06:32]} 35. Qd2 {[%clk 0:21:34]} d5 {[%clk 0:00:39]} 36. Bxd5
{[%clk 0:21:35]} Rb6 {[%clk 0:00:59]} 37. Qg5 {[%clk 0:19:35]} Re7
{[%clk 0:00:40]} 38. Rf6 {[%clk 0:17:02]} Bh6 {[%clk 0:00:32]} 39. Qxg6+
{[%clk 0:17:21]} 1-0

[Event "PMPJ 2022 - C15"]
[Site "Jastrzebia Gora"]
[Date "2022.11.12"]
[Round "4.7"]
[White "Trzebinski, Patryk"]
[Black "Miler, Franciszek"]
[Result "1-0"]
[BlackElo "1608"]
[WhiteElo "1800"]
[LiveChessVersion "1.4.4"]

1. e4 {[%clk 1:30:05]} c5 {[%clk 1:30:56]} 2. Nf3 {[%clk 1:29:48]} d6
{[%clk 1:31:17]} 3. d4 {[%clk 1:29:40]} cxd4 {[%clk 1:31:38]} 4. Qxd4
{[%clk 1:29:58]} Nf6 {[%clk 1:32:01]} 5. Bg5 {[%clk 1:29:51]} Nc6
{[%clk 1:27:10]} 6. Bb5 {[%clk 1:29:20]} Bd7 {[%clk 1:27:30]} 7. Bxc6
{[%clk 1:29:44]} Bxc6 {[%clk 1:27:50]} 8. Nc3 {[%clk 1:30:05]} e6
{[%clk 1:27:32]} 9. O-O-O {[%clk 1:30:22]} Be7 {[%clk 1:27:16]} 10. Qd3
{[%clk 1:30:35]} a6 {[%clk 1:24:12]} 11. Nd4 {[%clk 1:29:03]} Qa5
{[%clk 1:20:42]} 12. f4 {[%clk 1:24:08]} O-O {[%clk 1:16:48]} 13. g4
{[%clk 1:17:28]} Bd7 {[%clk 1:14:40]} 14. e5 {[%clk 1:00:17]} Nd5
{[%clk 1:05:22]} 15. Bxe7 {[%clk 0:55:08]} Nxe7 {[%clk 1:05:43]} 16. exd6
{[%clk 0:54:50]} Ng6 {[%clk 1:04:52]} 17. Qg3 {[%clk 0:49:13]} Nxf4
{[%clk 0:54:48]} 18. Qxf4 {[%clk 0:40:45]} e5 {[%clk 0:54:42]} 19. Qg5
{[%clk 0:34:46]} f6 {[%clk 0:55:06]} 20. Qe3 {[%clk 0:34:25]} exd4
{[%clk 0:54:31]} 21. Rxd4 {[%clk 0:34:39]} Rfe8 {[%clk 0:54:25]} 22. Qd3
{[%clk 0:34:12]} b5 {[%clk 0:54:19]} 23. Kb1 {[%clk 0:33:12]} Rad8
{[%clk 0:50:47]} 24. a3 {[%clk 0:20:33]} Be6 {[%clk 0:49:38]} 25. Nd5
{[%clk 0:20:14]} Bxd5 {[%clk 0:46:05]} 26. Rxd5 {[%clk 0:20:41]} Re1+
{[%clk 0:46:02]} 27. Rxe1 {[%clk 0:21:06]} Qxe1+ {[%clk 0:46:27]} 28. Ka2
{[%clk 0:20:13]} Qe6 {[%clk 0:46:40]} 29. b3 {[%clk 0:10:37]} Qxg4
{[%clk 0:46:31]} 30. d7 {[%clk 0:10:46]} Kf7 {[%clk 0:45:11]} 31. Rd4
{[%clk 0:09:12]} Qe6 {[%clk 0:43:47]} 32. Rd6 {[%clk 0:09:32]} Qg4
{[%clk 0:44:02]} 33. Qd5+ {[%clk 0:09:44]} Ke7 {[%clk 0:44:17]} 34. Qc5
{[%clk 0:10:03]} Kf7 {[%clk 0:44:02]} 35. Qd5+ {[%clk 0:05:45]} Ke7
{[%clk 0:44:25]} 36. Qc5 {[%clk 0:06:11]} Kf7 {[%clk 0:44:51]} 37. Rxa6
{[%clk 0:06:15]} Rxd7 {[%clk 0:44:51]} 38. Qxb5 {[%clk 0:06:38]} Rd2
{[%clk 0:41:53]} 39. Rc6 {[%clk 0:03:18]} Rxh2 {[%clk 0:39:25]} 40. a4
{[%clk 0:03:26]} Rh5 {[%clk 0:37:38]} 41. Rc5 {[%clk 0:03:06]} Rxc5
{[%clk 0:35:54]} 42. Qxc5 {[%clk 0:03:36]} h5 {[%clk 0:36:17]} 43. a5
{[%clk 0:03:20]} h4 44. a6 {[%clk 0:03:38]} Qe6 {[%clk 0:35:39]} 45. Qc4
{[%clk 0:03:35]} 1-0